Languages: Countries from Russian to English - Statistics

General Stats
  • This quiz has been taken 476 times
  • The average score is 13 of 14
Answer Stats
Country in Russian And in English % Correct
Россия Russia
99%
Франция France
95%
Украина Ukraine
95%
Канада Canada
94%
Иран Iran
93%
Германия Germany
92%
Индия India
91%
Финляндия Finland
90%
Испания Spain
89%
Куба Cuba
88%
Норвегия Norway
87%
Соединённые Шта́ты United States
86%
Египет Egypt
81%
Китай China
72%
No matching quizzes found
Score Distribution
Percent of People with Each Score
Percentile by Number Answered
Your Score History
You have not taken this quiz